[Event "Beijing op"]
[Site "Beijing"]
[Date "1993.??.??"]
[Round "1"]
[White "Zhu Chen"]
[Black "Liang Jinrong"]
[Result "1/2-1/2"]
[WhiteElo "2215"]
[BlackElo "2500"]

1.e4 c5 2.Nf3 e6 3.d4 cxd4 4.Nxd4 Nc6 5.Nb5 d6 6.c4 Nf6 7.N1c3 a6 8.Na3 Be7
9.Be2 b6 10.O-O Bb7 11.Be3 Nb8 12.f3 Nbd7 13.Qd2 O-O 14.Rfd1 Qc7 15.Kh1 Rfe8
16.Rac1 Rac8 17.Bf1 Qb8 18.Qf2 Ba8 19.Rb1 d5 20.exd5 exd5 21.Nxd5 Nxd5 22.cxd5 b5
23.d6 Bxd6 24.Ba7 Bc5 25.Qxc5 Nxc5 26.Bxb8 Rxb8 27.Rd6 Bb7 28.Nc2 Kf8 29.Kg1 Rbd8
30.Rbd1 Ke7 31.Rxd8 Rxd8 32.Rxd8 Kxd8 33.b3 Kc7  1/2-1/2

[Event "Beijing op"]
[Site "Beijing"]
[Date "1993.??.??"]
[Round "2"]
[White "Xu Jun"]
[Black "Zhu Chen"]
[Result "1-0"]
[WhiteElo "2535"]
[BlackElo "2215"]

1.d4 d5 2.c4 c6 3.Nf3 Nf6 4.Qc2 e6 5.Nbd2 Be7 6.g3 Nbd7 7.Bg2 O-O 8.O-O b5
9.c5 Bb7 10.a4 Ba6 11.Re1 bxa4 12.Rxa4 Bb5 13.Ra2 a5 14.b3 Qc7 15.Bb2 Ra6
16.Nb1 Ne4 17.Na3 Rb8 18.Bc1 Qb7 19.Bf4 Rba8 20.Nd2 Nxd2 21.Bxd2 Bf6 22.e3 R6a7
23.Nxb5 Qxb5 24.f4 Bd8 25.Bf1 Qb8 26.Rea1 f5 27.Ra4 Nf6 28.Qa2 Ne4 29.Be1 g5
30.b4 gxf4 31.exf4 Bf6 32.bxa5 Rb7 33.a6 Rb2 34.Qa3 Ra7 35.Rd1 h5 36.Rb4 Rxb4
37.Qxb4 Qa8 38.Rb1 Kf7 39.Kg2 Rxa6 40.Qb7+  1-0

[Event "Beijing op"]
[Site "Beijing"]
[Date "1993.??.??"]
[Round "3"]
[White "Zhu Chen"]
[Black "Chen De"]
[Result "1-0"]
[WhiteElo "2215"]
[BlackElo "2325"]

1.e4 e6 2.d4 d5 3.exd5 exd5 4.Nf3 Bd6 5.c4 Nf6 6.c5 Be7 7.Bd3 b6 8.cxb6 axb6
9.O-O O-O 10.Nc3 Bg4 11.h3 Bh5 12.Bg5 c6 13.Re1 Nbd7 14.Rc1 Re8 15.a3 Bd6
16.g4 Bg6 17.Rxe8+ Qxe8 18.Nh4 Rc8 19.Nf5 Bb8 20.Qf3 Qe6 21.Bd2 Bxf5 22.Bxf5 Qd6
23.g5 Ne4 24.Nxe4 dxe4 25.Qxe4 g6 26.Bg4 c5 27.Be3 Rd8 28.Rd1 h5 29.gxh6 Nf6
30.Qg2 Kh7 31.Bf3 Ng8 32.Kf1 c4 33.Rc1 b5 34.Qg5 f5 35.d5 Bc7 36.h4 f4 37.Bd4 Nxh6
38.Re1 Nf5 39.Re6  1-0

[Event "Wch U20 Girls"]
[Site "Matinhos"]
[Date "1994.??.??"]
[Round "?"]
[White "Zhu Chen"]
[Black "Khurtsidze, Nino"]
[Result "1/2-1/2"]
[WhiteElo "2215"]
[BlackElo "2295"]

1.c4 Nf6 2.Nc3 e6 3.d4 d5 4.Nf3 Bb4 5.Qb3 c5 6.a3 Ba5 7.cxd5 cxd4 8.Qa4+ Bd7
9.Qxd4 exd5 10.Bg5 Nc6 11.Qd3 Be6 12.b4 Bb6 13.Rd1 O-O 14.e3 Rc8 15.Be2 h6
16.Bh4 g5 17.Bg3 d4 18.exd4 g4 19.d5 Nxd5 20.Nxd5 Qxd5 21.Qxd5 Bxd5 22.Rxd5 gxf3
23.Bxf3 Rfe8+ 24.Kd2 Nd4 25.Bd1 Red8 26.Rxd8+ Rxd8 27.Kc3 Nb5+ 28.Kb3 a6
29.a4 Nd4+ 30.Ka2 Nc6 31.Bf3 Nxb4+ 32.Kb3 Nd3 33.Rd1 Nc5+ 34.Kb4 Rxd1 35.Bxd1 Ne4
36.Bf3 Nxg3 37.fxg3 Be3 38.Bxb7 Bd2+ 39.Kc5 a5 40.g4 Kg7 41.Kd5 Bc3 42.Ke4 Be1
43.Kf5 Bd2 44.Bd5 f6  1/2-1/2

[Event "Wch U20 Girls"]
[Site "Matinhos"]
[Date "1994.??.??"]
[Round "?"]
[White "Zhu Chen"]
[Black "Peptan, Corina"]
[Result "1/2-1/2"]
[WhiteElo "2215"]
[BlackElo "2265"]

1.d4 Nf6 2.Nf3 g6 3.Bg5 Ne4 4.Bh4 Bg7 5.Nbd2 d5 6.e3 c5 7.c3 O-O 8.Nxe4 dxe4
9.Nd2 cxd4 10.cxd4 f5 11.Bc4+ Kh8 12.O-O Nc6 13.a3 h6 14.h3 b6 15.Rc1 Bb7
16.b4 Qd7 17.Bg3 g5 18.f4 exf3 19.Nxf3 f4 20.exf4 Nxd4 21.Nxd4 Qxd4+ 22.Qxd4 Bxd4+
23.Kh1 Rac8 24.f5 Bb2 25.Rb1 Bg7 26.Rbc1 Bb2 27.Rb1 Bg7 28.Rbc1 Rxc4 29.Rxc4 Ba6
30.Rfc1 Bxc4 31.Rxc4 Rxf5 32.Rc8+ Kh7 33.Rc7 a5 34.Rxe7 axb4 35.axb4 Kg8
36.Rb7 Bd4 37.Kh2 Rf7 38.Rb8+ Kg7 39.Rd8 Bc3 40.b5 Rf5 41.Rd7+ Kg6 42.Rd6+ Rf6
43.Rc6 Bd4 44.Bc7 Kf7 45.Rc4  1/2-1/2

[Event "Wch U20 Girls"]
[Site "Matinhos"]
[Date "1994.??.??"]
[Round "?"]
[White "Skripchenko, Almira"]
[Black "Zhu Chen"]
[Result "0-1"]
[WhiteElo "2235"]
[BlackElo "2215"]

1.e4 e5 2.Nf3 Nf6 3.Nxe5 d6 4.Nf3 Nxe4 5.Qe2 Qe7 6.d3 Nf6 7.Bg5 Qxe2+ 8.Bxe2 Be7
9.Nc3 c6 10.O-O-O h6 11.Bh4 d5 12.Rhe1 O-O 13.Bf1 Bd8 14.h3 Be6 15.Nd4 Bd7
16.g4 Na6 17.Bg2 Nc5 18.Bg3 Ne6 19.Nxe6 Bxe6 20.Bd6 Re8 21.f4 g6 22.Rd2 h5
23.g5 Nh7 24.Rde2 Ba5 25.b4 Bb6 26.Na4 Nf8 27.Nc5 Bxc5 28.Bxc5 b6 29.Bd4 Rec8
30.Be5 a5 31.a3 axb4 32.axb4 Ra4 33.c3 Bf5 34.Kd2 Nd7 35.b5 Nxe5 36.fxe5 Ra2+
37.Ke3 Ra3 38.Rd2 c5 39.Bxd5 Rxc3 40.h4 Rd8 41.Be4 Bxe4 42.Kxe4 Rb3 43.Rf1 Rb4+
44.Ke3 Re8 45.d4 cxd4+ 46.Ke4 Rxb5 47.Rdf2 Rexe5+ 48.Kxd4 Re7  0-1

[Event "Wch U20 Girls"]
[Site "Matinhos"]
[Date "1994.??.??"]
[Round "?"]
[White "Zhu Chen"]
[Black "Kadimova, Ilaha"]
[Result "1/2-1/2"]
[WhiteElo "2215"]
[BlackElo "2335"]

1.d4 d5 2.Nf3 Nf6 3.c4 c6 4.Nc3 e6 5.Qb3 a6 6.a4 dxc4 7.Qxc4 b5 8.Qd3 b4
9.Ne4 Nbd7 10.Bg5 Bb7 11.Nfd2 Be7 12.Bxf6 Nxf6 13.Nxf6+ Bxf6 14.Nb3 O-O 15.f4 Bh4+
16.g3 c5 17.e4 c4 18.Qxc4 Bxe4 19.Rg1 Bd5 20.Qd3 Bxb3 21.Qxb3 Qxd4 22.Rg2 Bf6
23.Rd2 Qc5 24.Rc2 Qe7 25.a5 Rfd8 26.Be2 g6 27.Ra4 Rd4 28.Kf1 Qd6 29.Ra1 Rd2
30.Rac1 Rxc2 31.Rxc2 Bd8 32.Qf3 Ra7 33.Qc6 Qxc6 34.Rxc6 Bxa5 35.Rxa6 Rxa6
36.Bxa6 Bb6 37.b3 Kg7 38.Bc4 h5 39.Kg2 Bd4 40.Kf3 Bb2 41.h3 Bc3 42.g4  1/2-1/2

[Event "Wch U20 Girls"]
[Site "Matinhos"]
[Date "1994.??.??"]
[Round "?"]
[White "Repkova Eid, Eva"]
[Black "Zhu Chen"]
[Result "0-1"]
[WhiteElo "2295"]
[BlackElo "2215"]

1.e4 e5 2.Nf3 Nc6 3.Bb5 a6 4.Ba4 d6 5.Bxc6+ bxc6 6.d4 f6 7.c3 Ne7 8.Be3 Ng6
9.h4 h5 10.Qc2 Be7 11.Nbd2 Be6 12.Nf1 Qb8 13.Ng3 a5 14.d5 Bf7 15.O-O-O cxd5
16.exd5 Nf8 17.Nf5 Bg6 18.Nd2 Qb5 19.Nf1 Bxf5 20.Qxf5 Qc4 21.Qb1 a4 22.Rd3 f5
23.f4 e4 24.Rd4 Qb5 25.Ng3 g6 26.Qc2 Nd7 27.Nxe4 fxe4 28.Qxe4 Nf8 29.Re1 Qd7
30.Rc4 Rh7 31.Bd4 Kd8 32.g3 Qf5 33.Qe2 Nd7 34.Qf3 Ra5 35.Re6 Nf8 36.Re2 a3
37.Rb4 axb2+ 38.Rbxb2 Qxd5 39.Qe3 Kd7 40.Red2 Qh1+ 41.Rd1 Qa8 42.Qe2 Ne6
43.Qc4 Qc6 44.Qb4 Ra4  0-1

[Event "Wch U20 Girls"]
[Site "Matinhos"]
[Date "1994.??.??"]
[Round "?"]
[White "Khan, Anna"]
[Black "Zhu Chen"]
[Result "0-1"]
[WhiteElo "2140"]
[BlackElo "2215"]

1.e4 c5 2.Nf3 d6 3.d4 cxd4 4.Nxd4 Nf6 5.Nc3 a6 6.g3 e5 7.Nde2 Be7 8.Bg2 b5
9.h3 Nbd7 10.a3 Bb7 11.g4 Nb6 12.Ng3 g6 13.O-O h5 14.g5 Nh7 15.h4 f6 16.f4 exf4
17.Bxf4 fxg5 18.hxg5 Nxg5 19.Bxg5 Bxg5 20.Qd4 Rh7 21.Nd5 Nd7 22.Bh3 Ne5 23.Ne2 Bc8
24.Bg2 Bg4 25.Nef4 Rf7 26.Nd3 Qb8 27.Rxf7 Kxf7 28.Rf1+ Kg7 29.Qc3 Qa7+ 30.Kh2 Rc8
31.Qb3 Qd4 32.N5b4 a5 33.c3 Qc4 34.Qxc4 bxc4 35.Nxe5 dxe5 36.Nd5 Rb8 37.Rf2 Bc1
38.Bf1 Rxb2 39.Rxb2 Bxb2 40.a4 Bf3  0-1

[Event "Wch U20 Girls"]
[Site "Matinhos"]
[Date "1994.??.??"]
[Round "?"]
[White "Aleksieva, Silvia"]
[Black "Zhu Chen"]
[Result "0-1"]
[WhiteElo "2240"]
[BlackElo "2215"]

1.d4 d5 2.c4 c6 3.Nc3 Nf6 4.e3 a6 5.Nf3 b5 6.b3 Bg4 7.Be2 Nbd7 8.O-O e6 9.Ne5 Bxe2
10.Nxe2 dxc4 11.bxc4 Nxe5 12.dxe5 Qxd1 13.Rxd1 Nd7 14.Bb2 Nb6 15.cxb5 axb5
16.Nd4 Nc4 17.Rdb1 Kd7 18.Bc3 Ra4 19.Nb3 Be7 20.Nd2 Nxd2 21.Bxd2 Rha8 22.Rb2 b4
23.Kf1 c5 24.e4 c4 25.Be3 Kc6 26.Rc1 c3 27.Rcc2 Kd7 28.Rb1 Rxa2 29.Rxa2 Rxa2
30.Ke1 Kc6 31.Rc1 Bc5  0-1

[Event "Moscow ol (Women)"]
[Site "Moscow"]
[Date "1994.??.??"]
[Round "1"]
[White "Zhu Chen"]
[Black "Hobaica, Juan Pablo"]
[Result "1-0"]
[WhiteElo "2265"]
[BlackElo "2285"]

1.d4 Nf6 2.Nf3 d5 3.c4 c6 4.Nc3 Nbd7 5.e3 e6 6.Qc2 Bd6 7.b3 O-O 8.Bb2 Re8
9.Be2 dxc4 10.bxc4 e5 11.O-O e4 12.Nd2 Qe7 13.Rfe1 Nf8 14.f3 Qc7 15.f4 Qe7
16.Bf1 Bf5 17.a4 Qd7 18.g3 h5 19.Bg2 Qe7 20.Qb3 Rad8 21.Ba3 Bxa3 22.Qxa3 N8d7
23.Qxe7 Rxe7 24.h3 Nc5 25.Reb1 a5 26.Bf1 Nd3 27.c5 Nxc5 28.Nc4 Be6 29.Nd1 Nd5
30.Rb2 Nd3 31.Bxd3 exd3 32.Nxa5 Bc8 33.Kf2 Rde8 34.Nc4 Bxh3 35.Rd2 Nf6 36.Nd6 Ra8
37.Rxd3 Bg4 38.Nb2 Be6 39.Rda3 Bd5 40.a5 Ne4+ 41.Nxe4 Rxe4 42.Nd1 Bc4 43.Rc1 Ba6
44.Nc3 Re6 45.e4 Rd8 46.f5 Rf6 47.d5 cxd5 48.Nxd5 Rh6 49.Rb3 Kf8 50.Rb6 Rxb6
51.axb6 Rb8 52.Ke3 Bb5 53.Nc7 Bd7 54.Rh1 g6 55.Rd1 Bc6 56.Rd6 Ke7 57.e5 gxf5
58.Na6  1-0

[Event "Moscow ol (Women)"]
[Site "Moscow"]
[Date "1994.??.??"]
[Round "3"]
[White "Tsifanskaya, Ludmila A"]
[Black "Zhu Chen"]
[Result "0-1"]
[WhiteElo "2230"]
[BlackElo "2265"]

1.Nf3 Nf6 2.g3 d5 3.Bg2 e6 4.O-O Be7 5.d3 O-O 6.Nbd2 c5 7.e4 Nc6 8.Re1 Qc7
9.c3 Rd8 10.Qc2 b6 11.Nf1 Ba6 12.e5 Nd7 13.Bf4 Nf8 14.Rad1 Ng6 15.Qc1 Rf8
16.Bg5 Bxg5 17.Qxg5 Rae8 18.Qe3 Nge7 19.h4 d4 20.Qe4 Bb7 21.Ng5 Nf5 22.c4 Ba8
23.Qe2 h6 24.Nf3 a6 25.N1d2 Nfe7 26.h5 Kh8 27.Nh2 Ng8 28.f4 f6 29.Nhf3 f5
30.Nh4 Nge7 31.Ng6+ Nxg6 32.hxg6 Ne7 33.Qh5 Bc6 34.Bxc6 Qxc6 35.Nf3 Nxg6
36.Ng5 Ne7 37.Nf7+ Kg8 38.Nd6 Rb8 39.Kf2 Kh7 40.Rh1 Nc8 41.Nxc8 Rbxc8 42.b3 Qe8
43.Qf3 Qf7 44.Rh4 b5 45.g4 fxg4 46.Rxg4 bxc4 47.dxc4 Qf5 48.Qd3 a5 49.Ke2 Rc7
50.Rdg1 a4 51.Qxf5+ exf5 52.Rg6 axb3 53.axb3 Rb8 54.R6g3 Ra7 55.Rb1 Ra2+
56.Kf3 Rc2 57.e6  0-1

[Event "Moscow ol (Women)"]
[Site "Moscow"]
[Date "1994.??.??"]
[Round "4"]
[White "Zhu Chen"]
[Black "Agababian, Naira"]
[Result "1-0"]
[WhiteElo "2265"]
[BlackElo "2205"]

1.d4 d6 2.Nf3 g6 3.e4 Bg7 4.g3 c6 5.Bg2 Nf6 6.Nc3 O-O 7.a4 a5 8.O-O Qc7 9.h3 e5
10.Be3 exd4 11.Nxd4 Nbd7 12.Re1 Re8 13.Qd2 Nc5 14.Bf4 Nfd7 15.Rad1 Ne5 16.b3 Ne6
17.Nxe6 Bxe6 18.g4 Rad8 19.Bh6 Bxh6 20.Qxh6 f6 21.Qe3 Nf7 22.Qd4 Qe7 23.Re2 g5
24.Red2 Bc8 25.Ne2 Qe5 26.Ng3 Qxd4 27.Rxd4 Kf8 28.f4 Ke7 29.Rf1 gxf4 30.Rxf4 Ne5
31.Nh5 Rf8 32.Rd1 Rf7 33.Kh2 Be6 34.Kg3 Rg8 35.Rdf1 Nd7 36.Kf2 Rg5 37.Ke3 Rc5
38.Kd2 Rg5 39.Bf3 Re5 40.Be2 b5 41.axb5 cxb5 42.Ra1 b4 43.Bd3 Nb6 44.Raf1 Nd7
45.Ke3 h6 46.R4f2 Rc5 47.Kd4 Rc3 48.Ra1 Ne5 49.Nf4 Rg7 50.Ke3 Rc5 51.Raf1 Bf7
52.Ne2 Nd7 53.Nd4 Be6 54.Ra1 h5 55.Rxa5 hxg4 56.hxg4 Rxg4 57.Ra4 Rg3+ 58.Kd2 Rc7
59.Rxb4 Ne5 60.Rh2 Rg7 61.Rb6 Nd7 62.Ra6 Nc5 63.Ra8 Bd7 64.b4 Nxd3 65.cxd3 d5
66.exd5 Kd6 67.Rf2 Rg6 68.Ra6+ Kxd5 69.Nf5 Rg5 70.Ne3+ Ke5 71.Nc4+ Rxc4 72.dxc4 f5
73.Re2+ Kf4 74.Rd6 Ba4 75.Rd4+ Kg3 76.Rd3+ Kf4 77.Rf2+ Ke4  1-0

[Event "Moscow ol (Women)"]
[Site "Moscow"]
[Date "1994.??.??"]
[Round "5"]
[White "Zagorskaya, Tatiana"]
[Black "Zhu Chen"]
[Result "0-1"]
[WhiteElo "2150"]
[BlackElo "2265"]

1.e4 c5 2.Nf3 d6 3.d3 g6 4.g3 Bg7 5.Bg2 Nc6 6.O-O Rb8 7.Nbd2 b5 8.Re1 e6
9.a4 b4 10.Nc4 Ba6 11.Bf4 e5 12.Bg5 Qd7 13.Qd2 f6 14.Be3 Nge7 15.Bh6 O-O
16.Bxg7 Kxg7 17.Nh4 Nd4 18.Ne3 Bb7 19.f4 exf4 20.gxf4 Kh8 21.f5 gxf5 22.Bh3 Ng6
23.Nxg6+ hxg6 24.Qg2 Qh7 25.Nc4 Rbd8 26.Na5 Ba8 27.c3 Ne6 28.Qg3 f4 29.Qg2 Ng5
30.Bg4 d5 31.Bf3 dxe4 32.Bxe4 Bxe4 33.Rxe4 Rxd3 34.Rf1 Nxe4 35.Qxe4 g5 36.Qe6 Rd2  0-1

[Event "Moscow ol (Women)"]
[Site "Moscow"]
[Date "1994.??.??"]
[Round "6"]
[White "Zhu Chen"]
[Black "Gurieli, Nino"]
[Result "1/2-1/2"]
[WhiteElo "2265"]
[BlackElo "2395"]

1.d4 Nf6 2.Nf3 g6 3.Bg5 Bg7 4.Nbd2 O-O 5.c3 d5 6.e3 b6 7.Be2 Bb7 8.O-O Nbd7
9.h3 Ne4 10.Nxe4 dxe4 11.Nd2 h6 12.Bh4 g5 13.Bg3 e5 14.f3 exd4 15.exd4 Nf6
16.fxe4 Nxe4 17.Nxe4 Bxe4 18.Bd3 Bxd4+ 19.Kh1 Bxd3 20.Qxd3 Bg7 21.Qc4 Qd2
22.Rf2 Qd7 23.Qxc7 Qxc7 24.Bxc7 Rac8 25.Bd6 Rfd8 26.Bh2 Rd7 27.a4 Rcd8 28.Raf1 a6
29.Bg1 b5 30.axb5 axb5 31.Rf5 Rb7 32.Bc5 Rd2 33.R1f2 Rd1+ 34.Kh2 Bf8 35.Kg3 Rd3+
36.Kh2 Bxc5 37.Rxc5 b4 38.cxb4 Rb3 39.Rc4 R3xb4 40.Rxb4 Rxb4 41.Kg3 f5 42.Rc2 Rb3+
43.Kf2 f4 44.Ke1 Kg7 45.Kd1 h5 46.Rf2  1/2-1/2

[Event "Moscow ol (Women)"]
[Site "Moscow"]
[Date "1994.??.??"]
[Round "7"]
[White "Kovalevskaya, Ekaterina"]
[Black "Zhu Chen"]
[Result "0-1"]
[WhiteElo "2290"]
[BlackElo "2265"]

1.e4 e5 2.Nf3 Nc6 3.Nc3 Nf6 4.Bb5 Bb4 5.O-O O-O 6.d3 d6 7.Bg5 Ne7 8.Nh4 Bxc3
9.bxc3 c6 10.Ba4 Nd7 11.Nf5 f6 12.Bb3+ Kh8 13.Nxe7 fxg5 14.Nxc8 Rxc8 15.Be6 Rc7
16.d4 Rf6 17.Bh3 Qe8 18.Qd2 Nf8 19.Qxg5 exd4 20.cxd4 Qxe4 21.Qd2 Qd5 22.c3 c5
23.Rfe1 cxd4 24.Qxd4 Qxd4 25.cxd4 g5 26.Rac1 Rxc1 27.Rxc1 Rf4 28.g3 Rxd4
29.Rc8 Kg7 30.Rc7+ Kf6 31.Rxb7 a5 32.Bf1 d5 33.Rb5 a4 34.Ra5 Ne6 35.Bb5 g4
36.Bd7 Ng5 37.Rxa4 Rd1+ 38.Kg2 h5 39.Rf4+ Ke7 40.Ba4 Re1 41.h4 Nf3 42.Rxf3 gxf3+
43.Kxf3 Kd6 44.Bc2 d4 45.Bg6 Re6 46.Bd3 Kc5 47.a3 Re7 48.Bg6 Kc4 49.Bxh5 d3
50.Kf4 Re2 51.Kf3 Re5 52.Bg4 d2 53.Kf4 Kd5 54.Bd1 Ke6 55.g4 Re1 56.Bb3+ Kf6
57.h5 d1=Q 58.g5+ Kg7 59.Bxd1 Rxd1 60.Kf5 Rd5+ 61.Kg4 Ra5 62.f4 Rxa3 63.Kf5 Kf7
64.Kg4 Ra1 65.h6 Kg6 66.f5+ Kh7  0-1

[Event "Moscow ol (Women)"]
[Site "Moscow"]
[Date "1994.??.??"]
[Round "8"]
[White "Zhu Chen"]
[Black "Girkiyan Klink, Tamara"]
[Result "1-0"]
[WhiteElo "2265"]
[BlackElo "2170"]

1.c4 Nf6 2.Nc3 g6 3.g3 Bg7 4.Bg2 O-O 5.e4 d6 6.Nge2 c5 7.O-O Nc6 8.a3 e5
9.Rb1 Be6 10.d3 Qd7 11.b4 Nd4 12.Bg5 h6 13.Bxf6 Bxf6 14.Qd2 Bg7 15.f4 Rab8
16.Kh1 b6 17.b5 f6 18.Nxd4 exd4 19.Nd1 f5 20.Nb2 Kh7 21.exf5 Bxf5 22.a4 Qc7
23.Bf3 Rbe8 24.Qg2 Re3 25.Rbd1 Qd7 26.Bc6 Qe7 27.Rd2 Re1 28.Qf2 Re3 29.Rg1 h5
30.Qf1 Bd7 31.Bf3 Bc8 32.Bd5 Re8 33.Nd1 Re2 34.Rxe2 Qxe2 35.Nf2 Bg4 36.Nxg4 hxg4
37.Bc6 Re3 38.Qxe2 Rxe2 39.Rd1 Kh6 40.a5 bxa5 41.Ra1 Re7 42.Rxa5 Bf8 43.Ra6 Kg7
44.Kg2 Kf6 45.Be4 Rd7 46.Rc6 g5 47.Rc8 Bh6 48.Rh8 Bg7 49.Rh5 gxf4 50.gxf4 Rd8
51.Rg5 Bf8 52.Kg3 Be7 53.Kxg4 Kf7 54.Bd5+ Kf6 55.f5 Ke5 56.Rg7 Bf6 57.Rxa7 Rh8
58.b6  1-0

[Event "Moscow ol (Women)"]
[Site "Moscow"]
[Date "1994.??.??"]
[Round "9"]
[White "Nutu Gajic, Dana"]
[Black "Zhu Chen"]
[Result "0-1"]
[WhiteElo "2345"]
[BlackElo "2265"]

1.d4 Nf6 2.c4 e6 3.Nf3 Bb4+ 4.Nbd2 b6 5.e3 Bb7 6.Bd3 O-O 7.O-O d5 8.a3 Bd6
9.Qc2 Nbd7 10.e4 dxe4 11.Nxe4 h6 12.b4 Re8 13.Bb2 Bf8 14.Rad1 a5 15.b5 Rc8
16.c5 Nxe4 17.c6 Nd6 18.cxb7 Nxb7 19.Bh7+ Kh8 20.Be4 Rb8 21.Bc6 Re7 22.a4 Nf6
23.Ne5 Qc8 24.Bf3 Nd8 25.Ba3 Re8 26.Bxf8 Rxf8 27.Rc1 Ne8 28.Qd2 Kg8 29.Bc6 Nf6
30.Rc3 Nxc6 31.Nxc6 Kh8 32.Rh3 Ra8 33.Qf4 Ng8 34.Rc1 f6 35.d5 e5 36.Qc4 Qd7
37.Rg3 Rae8 38.h3 Rf7 39.d6 cxd6 40.Qd5 f5 41.Rd3 e4 42.Rd2 Rf6 43.Ne5 Qe7
44.Nc4 Rc8 45.Rcd1 Rc5 46.Qd4 d5 47.Ne3 Qf7 48.Nxd5 Rd6 49.Qe5 Rd7 50.Rd4 Ne7
51.Qb8+ Rc8 52.Qe5 Ng6 53.Qg3 Rcd8 54.Kh2 Kh7 55.Qb3 Rxd5 56.Rxd5 Nf4 57.g3 Nxd5
58.Qc4 Rd7 59.Qc6 f4 60.g4 f3 61.Kh1 Rc7 62.Qd6 Nc3 63.Re1 Rd7 64.Qxb6 Qe7
65.Qe3 Nd1  0-1

[Event "Moscow ol (Women)"]
[Site "Moscow"]
[Date "1994.??.??"]
[Round "10"]
[White "Zhu Chen"]
[Black "Csonkics, Tunde"]
[Result "1-0"]
[WhiteElo "2265"]
[BlackElo "2320"]

1.d4 Nf6 2.Nf3 e6 3.Bg5 c5 4.e3 Be7 5.Nbd2 d5 6.c3 Nbd7 7.Bd3 b6 8.Qa4 Bb7
9.Ne5 O-O 10.f4 Nxe5 11.fxe5 Nd7 12.Bxe7 Qxe7 13.O-O f5 14.exf6 Nxf6 15.Nf3 c4
16.Bc2 a6 17.Ne5 b5 18.Qa5 Qd6 19.Rf3 Nd7 20.Nxd7 Qxd7 21.Raf1 g6 22.Qb6 Rxf3
23.Rxf3 Rf8 24.Rf4 Qe7 25.Bd1 Kg7 26.Bg4 Re8 27.Rf3 Qd7 28.h4 h5 29.Bh3 Qc6
30.Qxc6 Bxc6 31.Kf2 e5 32.dxe5 Rxe5 33.g3 a5 34.Rf4 b4 35.Bg2 bxc3 36.bxc3 Bd7
37.Rd4 Be6 38.Rd2 Bf7 39.Rb2 Re7 40.Rb5 a4 41.a3 Rd7 42.Rb4 Be8 43.Bf3 Rd6
44.Bd1 Ra6 45.Bc2 Kf6 46.e4 Ke5 47.Ke3 Bd7 48.Rb7 Rd6 49.Rc7 dxe4 50.Rc5+ Rd5
51.Rxd5+ Kxd5 52.Bxe4+ Kc5 53.Bxg6 Bg4 54.Be8 Bd1 55.Kd2 Bf3 56.Bxa4 Kb6
57.Be8 Kc5 58.Ke3 Bg4 59.Kf4 Kd6 60.Kg5  1-0

[Event "Moscow ol (Women)"]
[Site "Moscow"]
[Date "1994.??.??"]
[Round "11"]
[White "Laesson, Tuulikki"]
[Black "Zhu Chen"]
[Result "1-0"]
[WhiteElo "2245"]
[BlackElo "2265"]

1.e4 c5 2.Nf3 d6 3.d4 cxd4 4.Nxd4 Nf6 5.Nc3 a6 6.Bc4 e6 7.Bb3 Nbd7 8.f4 Nc5
9.e5 dxe5 10.fxe5 Nfd7 11.Bf4 b5 12.Qh5 g6 13.Qe2 Bb7 14.O-O-O Bg7 15.h4 h5
16.Qe3 b4 17.Na4 Qa5 18.Nxc5 Nxc5 19.Bc4 Bxg2 20.Rhg1 Bb7 21.Nxe6 Nxe6 22.Bxe6 fxe6
23.Rxg6 Qxa2 24.Rd6 Rc8 25.Qd3 O-O 26.Rxg7+ Kxg7 27.Rd7+ Rf7 28.Bh6+ Kxh6
29.Rxf7 Be4 30.Rf6+  1-0

[Event "Moscow ol (Women)"]
[Site "Moscow"]
[Date "1994.??.??"]
[Round "13"]
[White "Zhu Chen"]
[Black "Olbrich, Marina"]
[Result "1/2-1/2"]
[WhiteElo "2265"]
[BlackElo "2280"]

1.d4 d5 2.Nf3 Nf6 3.c4 c6 4.Nc3 dxc4 5.a4 Bf5 6.e3 e6 7.Bxc4 Bb4 8.O-O Nbd7
9.Qe2 Bg6 10.e4 Bxc3 11.bxc3 Nxe4 12.Ba3 Qc7 13.Rfc1 O-O-O 14.a5 Nef6 15.Ne5 Bh5
16.Qe1 Nxe5 17.dxe5 Ng4 18.Bd6 Rxd6 19.exd6 Qxd6 20.g3 Ne5 21.Be2 Bxe2 22.Qxe2 Qd5
23.f4 Nd3 24.Rc2 Qc5+ 25.Kg2 Rd8 26.Qe4 Rd6 27.Kf1 f5 28.Qf3 g6 29.Qe2 Kc7
30.Rd1 Qd5 31.Qg2 Qc4 32.Qe2 Qd5 33.Qg2 Qc4 34.Qe2 Qd5  1/2-1/2

[Event "Wch U20 Girls"]
[Site "Halle"]
[Date "1995.??.??"]
[Round "1"]
[White "Hadzinikola, Eleni"]
[Black "Zhu Chen"]
[Result "0-1"]
[WhiteElo "2080"]
[BlackElo "2390"]

1.e4 c5 2.Nf3 d6 3.d4 cxd4 4.Nxd4 Nf6 5.Nc3 a6 6.Be2 e5 7.Nb3 Be7 8.O-O O-O
9.a4 Be6 10.Kh1 Nbd7 11.f4 Rc8 12.f5 Bc4 13.Bd3 h6 14.Rf3 Kh8 15.Rh3 Nh7
16.Bxc4 Rxc4 17.Nd2 Rc8 18.Nf3 Ndf6 19.Qe2 Qc7 20.Ne1 Qc4 21.Nd3 b5 22.axb5 axb5
23.Ra7 Rfe8 24.Rb7 Rb8 25.Rxb8 Rxb8 26.Bd2 b4 27.b3 Qc6 28.Nd5 Nxd5 29.exd5 Qxc2
30.Qe1 Rb5 31.Nxb4 Qxf5 32.Rf3 Qg6 33.Qf1 Rb7 34.Qa6 Rc7 35.Nc6 Ng5 36.Nxe7 Rxe7
37.Bxg5 Qxg5 38.Rf1 Qg6 39.Qb6 Kh7 40.Qf2 Rb7 41.Qf3 Qc2 42.b4 f5 43.Rf2 Rxb4
44.h3 Qe4 45.Qxf5+ Qxf5 46.Rxf5 Rd4 47.Kg1 Rxd5 48.Kf2 Rd2+ 49.Kf3 Kg8 50.h4 g6  0-1

[Event "Wch U20 Girls"]
[Site "Halle"]
[Date "1995.??.??"]
[Round "2"]
[White "Zhu Chen"]
[Black "Hagarova, Zuzana"]
[Result "1/2-1/2"]
[WhiteElo "2390"]
[BlackElo "2215"]

1.c4 Nf6 2.Nc3 g6 3.g3 Bg7 4.Bg2 O-O 5.e4 d6 6.Nge2 e5 7.O-O Nc6 8.Rb1 a5
9.a3 Be6 10.d3 Qd7 11.Nd5 Bh3 12.Nec3 Nd4 13.Be3 Bxg2 14.Kxg2 Nxd5 15.cxd5 c5
16.a4 f5 17.Bxd4 cxd4 18.Nb5 f4 19.f3 fxg3 20.hxg3 Bh6 21.Na3 Rf6 22.Nc4 Raf8
23.Nxa5 Be3 24.b3 g5 25.Qe2 g4 26.fxg4 Rf2+ 27.Rxf2 Rxf2+ 28.Qxf2 Bxf2 29.Kxf2 Qxg4
30.Nc4 Qh3 31.Rg1 Qh2+ 32.Rg2 Qh1 33.Rg1 Qh2+ 34.Rg2 Qh1 35.Rg1 Qh2+ 36.Rg2  1/2-1/2

[Event "Wch U20 Girls"]
[Site "Halle"]
[Date "1995.??.??"]
[Round "3"]
[White "Saljova, Silvie"]
[Black "Zhu Chen"]
[Result "1-0"]
[WhiteElo "2195"]
[BlackElo "2390"]

1.d4 Nf6 2.Nf3 e6 3.Bg5 b6 4.e3 h6 5.Bh4 Bb7 6.Nbd2 d5 7.Bd3 Nbd7 8.c3 Be7
9.O-O g5 10.Bg3 Ne4 11.Bxe4 dxe4 12.Ne5 h5 13.h3 Nxe5 14.Bxe5 f6 15.Bh2 Qd7
16.Qc2 Qc6 17.Rfc1 Kf7 18.c4 Rac8 19.a3 a5 20.b3 Rhg8 21.Nb1 g4 22.h4 f5
23.Bg3 Qd7 24.Nc3 Qd8 25.Rd1 c6 26.Na4 Ra8 27.Qb2 Ba6 28.Rac1 Bc8 29.c5 b5
30.Nb6 Ra7 31.a4 Ba6 32.axb5 Bxb5 33.Ra1 Bxh4 34.Nc8 Qxc8 35.Bxh4 Qb7 36.d5 Rg6
37.dxe6+ Rxe6 38.Rd8 Ra8 39.Qh8 Rxd8 40.Qh7+  1-0

[Event "Wch U20 Girls"]
[Site "Halle"]
[Date "1995.??.??"]
[Round "4"]
[White "Zhu Chen"]
[Black "Abdullaeva, U."]
[Result "1-0"]
[WhiteElo "2390"]
[BlackElo "2085"]

1.d4 d5 2.c4 e6 3.Nf3 f5 4.g3 Nf6 5.Bg2 c6 6.O-O Bd6 7.b3 Qe7 8.Bb2 O-O 9.Nbd2 b6
10.Ne5 Bb7 11.Ndf3 Nbd7 12.Nd3 Ne4 13.Nfe5 Rac8 14.Rc1 c5 15.cxd5 exd5 16.Nxd7 Qxd7
17.dxc5 bxc5 18.Ba3 Qe7 19.e3 Rfd8 20.Re1 Qc7 21.f3 c4 22.Bxd6 Nxd6 23.Nf4 a5
24.Qd4 a4 25.bxa4 Ra8 26.Qb2 Qe7 27.Rcd1 Nf7 28.Qb5 Rab8 29.Re2 Ba8 30.Qa5 Qb4
31.Qa7 Qb6 32.Qxb6 Rxb6 33.Red2 Rbd6 34.Ne2 Ne5 35.Nc3 Kf7 36.e4 fxe4 37.fxe4 Ng4
38.Rf1+ Kg8 39.Nb5 Rf6 40.exd5 Rxf1+ 41.Bxf1 Ne3 42.d6 Nxf1 43.Kxf1 Be4 44.Rd4 Bd3+
45.Ke1 Kf7 46.Nc7 Kf6 47.Kd2 Bg6 48.a5 Bf7 49.a6 Ke5 50.Ke3  1-0

[Event "Wch U20 Girls"]
[Site "Halle"]
[Date "1995.??.??"]
[Round "5"]
[White "Djingarova, Emilia"]
[Black "Zhu Chen"]
[Result "0-1"]
[WhiteElo "2090"]
[BlackElo "2390"]

1.e4 c5 2.Nf3 d6 3.d4 cxd4 4.Nxd4 Nf6 5.Nc3 a6 6.g3 g6 7.Bg2 Bg7 8.O-O O-O
9.a4 Bg4 10.f3 Bd7 11.Be3 Nc6 12.Kh1 Rc8 13.Nxc6 Bxc6 14.a5 e6 15.f4 Qe7
16.Re1 Rfe8 17.Qd2 Nd7 18.Rad1 Qd8 19.Qxd6 Qxa5 20.e5 Nb8 21.Bxc6 Rxc6 22.Qd4 Rec8
23.Ra1 Qc7 24.Red1 Bf8 25.Rd3 Rc4 26.Qb6 Qxb6 27.Bxb6 Rb4 28.Bg1 Rxb2 29.Ne4 Rbxc2
30.Nf6+ Kg7 31.g4 h6 32.Rad1 Be7 33.g5 hxg5 34.fxg5 Rh8 35.R3d2 Rc4 36.Ba7 Nc6
37.Rd7 b5 38.Bg1 b4 39.Rb7 a5 40.Rdd7 a4 41.Rbc7 b3 42.Rxe7 Nxe7 43.Rxc4 b2
44.Rb4 a3 45.Bd4 Nc6 46.Bxb2 Nxb4 47.Bxa3 Nd3 48.Bd6 Ne1 49.Ne4 Rh4 50.Ng3 Kg8
51.Kg1 Nd3 52.Kg2 Rg4 53.Kf3 Rxg5 54.h4 Nxe5+ 55.Kg2 Rxg3+ 56.Kxg3 Nd7 57.Kf4 Kg7
58.Kg4 Nf6+ 59.Kf4 Kh6 60.Bf8+ Kh5 61.Kg3 Nd5 62.Bd6 f6 63.Bb8 e5  0-1

[Event "Wch U20 Girls"]
[Site "Halle"]
[Date "1995.??.??"]
[Round "6"]
[White "Zhu Chen"]
[Black "Kiseleva, Natalia"]
[Result "1/2-1/2"]
[WhiteElo "2390"]
[BlackElo "2260"]

1.d4 Nf6 2.Nf3 g6 3.Bg5 Bg7 4.Nbd2 O-O 5.c3 d6 6.e4 Nbd7 7.Be2 h6 8.Bh4 Nh5
9.O-O Nf4 10.Bc4 c6 11.Re1 g5 12.Bg3 e5 13.Bf1 Qe7 14.a4 Ng6 15.h3 Rd8 16.Nc4 Ndf8
17.Ne3 Ne6 18.a5 Nef4 19.Qc2 Qf6 20.Ng4 Nxh3+ 21.gxh3 Bxg4 22.dxe5 dxe5 23.hxg4 Qxf3
24.Be2 Qf6 25.Qb3 Qe7 26.Red1 Qc7 27.Qa4 Bf8 28.b4 Rxd1+ 29.Rxd1 Rd8 30.Rxd8 Qxd8
31.Qd1 Qxd1+ 32.Bxd1 a6 33.Bb3 Bd6 34.Kf1 Kf8 35.Ke2 Ke7 36.Kd3 Nf8 37.f3 Nd7
38.Be1 Nf6 39.Bd2 Nd7 40.Bc4 Nf8 41.Be3 Kf6 42.Kc2 Nd7 43.Kb3 Ke7 44.Bf1 Kd8
45.Bc4 Ke7 46.Bf1 Kd8  1/2-1/2